000 00783cab a22002295a 4500
001 L159858
008 150113e2017 xxk 000 0 eng d
035 _a(Sirsi) u159858
041 0 _aeng
050 _a690.241 $2 18
100 1 _aRussell, Henry
245 0 0 _aHeritage homework
_h[electronic resource]
260 _aLondon
_bRICS
_c2017
490 _aRICS Building Surveying Journal
_vJuly - August 2017, 28-29(2)
520 _aEducation is at the heart of the heritage profession.
650 2 4 _aHISTORIC BUILDINGS
650 2 4 _aCAREERS, EDUCATION AND TRAINING
651 4 _aUnited Kingdom
_y
690 _aConservation and restoration
856 4 0 _uhttps://issuu.com/ricsmodus/docs/building_surveying_journal_july___a
_yAvailable free online via Issuu
942 _n0
_2ddc
999 _c85021
_d85021